1437 1266 1703 1811 1868 1072 1188 1448 1207 1602 1716 1306 1263 1716 1549 1617 1333 1817 1260 1706 1538 1158 1363 1837 1315 1463 1863 1161 1206 1308 1241 1742 1808 1612 1185 1196 1095 1451 1962 1028 1725 1307 1260 1713 1346 1221 1946 1163 1521 1822 1091 1430 1373 1645 1167 1612 1165 1479 1388 1891 1213 1322 1075 1913 1259 1301 1753 1538 1612 1462 1857 1671 1994 1447 1341 1116 1450 1713 1924 1120 1359 1534 1153 1237 1255 1543 1774 1133 1363 1148 1918 1258 1703 1893 1596 1809 1435 1065 1416 BCNSPRNW ULIB Ver.6.0+V

เปลี่ยนเป็นภาษาไทย

Change to English
 แสดงรายละเอียดบรรณานุกรม
  กลับหน้าหลัก

Brief Record : Get Marc (ISO 2709) : E-mail record : QR code < ปิดหน้าต่าง
LEADER : 00000nam 2200000uu 4500
001    13399114656
003     ULIB
008    120427s2551||||th 000 0 tha d
020    ^a9789741664856
090    ^aนว.^bป445z 2551
100 0  ^aปราณธร
245 00 ^aZombie Prince...รักลวงใจ
250    ^aพิมพ์ครั้งที่ 2
260    ^aกรุงเทพฯ :^bแจ่มใส,^c2551
300    ^a345 หน้า
710 1  ^aแจ่มใส
945    ^p209^l0^i15317
995    ^aกัณชพร
999    ^aใช้งานได้ทุกระบบ
รายการนี้ยังไม่มีแท็ก
คุณยังไม่ได้ล็อกอิน คุณสามารถมีกิจกรรมร่วมกับเว็บไซต์ได้ แต่ต้องล็อกอินก่อน ::
  ล็อกอิน

รายการสื่อสารสนเทศ

ลำดับที่ ประเภท เลขเรียก/บาร์โค้ด สถานที่ สถานะ
1. นวนิยาย
นวนิยาย
นว. ป445z 2551  
  Barcode: 15317
ห้องสมุดวิทยาเขตสวรรค์ประชารักษ์
►นวนิยาย
บนชั้น
  ขอยืม

รายการใกล้เคียง
    ผู้แต่ง [ปราณธร]

BibComment


ยังไม่เคยถูกคอมเมนท์

คอมเมนท์ทรัพยากรรายการนี้
  คอมเมนท์: Zombie Princeรัก..


 Copyright 2026. Bcnsprnw @Library